000 00461nam a2200157 4500
001 123486
003 ES-MaACL
005 20230906192200.0
007 t|
008 070214s1956 sp r ||||1| spa d
100 1 _aRafferty, Cornelius Joseph Greenway.
_994969
245 1 3 _aEl derecho anglosajón /
_cCornelius Joseph Greenway Rafferty.
260 _aSevilla :
_bG. E. H. A.,
_c1956.
300 _a40 p. ;
_c21 cm.
852 _aES-MaACL
_j1960-F-18
_bR.41350
999 _c123486
_d123486